| 000 | 00458 a2200157 4500 | ||
|---|---|---|---|
| 020 | _a9789698906238 | ||
| 082 | _a954.0166360 | ||
| 090 |
_c6526 _d6526 |
||
| 100 | _aMujib,Bilqees Fatima | ||
| 245 |
_aImportant Helminth Parasites of Pakistan. _cProf.Dr.Bilqees Fatima Mujib |
||
| 250 | _a1st. | ||
| 260 |
_aKarachi. _bFederal Urdu University Science & Technology. _c2007. |
||
| 300 | _a439p. | ||
| 500 | _aPaper cover | ||
| 942 |
_aNBS _cBK _k954.0166360 MUJ |
||
| 999 |
_c348885 _d348885 |
||